| 000 | 00000nam##2200000za#4500 |
| 001 | 9.644056 |
| 003 | CaOODSP |
| 005 | 20210624224451 |
| 007 | cr ||||||||||| |
| 008 | 150407|2009||||xxc|||||o f|0| 0 fre|d |
| 040 | |aCaOODSP|bfre |
| 043 | |an-cn--- |
| 086 | 1 |aR5-21/2009F-PDF |
| 110 | 1 |aCanada.|bAffaires indiennes et du Nord. |
| 245 | 10|aÉvaluation des initiatives de guérison communautaire offertes par la Fondation autochtone de guérison : |h[ressource électronique]|brapport final / |c[publié par la] Direction de l'évaluation, de la mesure et de l'examen du rendement. |
| 260 | |aOttawa - Ontario : |bAffaires indiennes et du Nord |c7 décembre 2009. |
| 300 | |a63p.|bglossaire, graphiques, références, tableaux |
| 590 | |a15-02-Supp|b2015-02-16 |
| 691 | 07|aAutochtones|2gcpds |
| 691 | 07|aProgramme communautaire|2gcpds |
| 691 | 07|aSanté|2gcpds |
| 775 | 08|tEvaluation of community-based healing initiatives supported through the Aboriginal Healing Foundation : |w(CaOODSP)9.700109 |
| 856 | 40|ahttp://publications.gc.ca|qPDF|s1.02 Mo|uhttps://publications.gc.ca/collections/collection_2014/aadnc-aandc/R5-21-2009-fra.pdf |
| 986 | |aNuméro de projet : 08042 |